000 00732nam a22002297a 4500
001 2701
003 HMS
005 20250826144433.0
008 250826e2009 cl ao||frnotu 00| 0 spa
020 _a9789562202886
040 _ahms
_bspa
_chms
050 0 4 _aWS320
_bM294
245 0 0 _aManual de nefrología y urología pediátrica /
_ceditores Carlos Saieh A., José Manuel Escala A.
_h[libro]
250 _aCuarta edición
260 _aSantiago de Chile :
_bEditorial Mediterráneo,
_c2009
300 _a328 páginas :
_bilustraciones ;
_c24 cm.
500 _aIncluye índice
504 _aIncluye bibliografías
650 7 _aNefrología pediátrica
_94051
650 7 _aPediatría
_xUrología
_94052
942 _2lcc
_cCOL. RES.
_n0
999 _c2701
_d2701